000 00764nmc a2200301 a 4500
003 AR-BaBNM
005 20251128205255.0
008 067019s1994 ||||||||||||||000 | spa||
020 _a987-99853-0-3
040 _cAR-BaBNM
100 1 _aFerrari, Alberto
245 1 0 _aPatentes sin monopolios
250 _a1ª ed.
260 _aBuenos Aires
_bFuturo
_c1994
300 0 _a202 p.
_btablas
490 0 _aFuturo-Investigación
500 0 _aContiene estadística para consultar p. 183-200
650 4 _aECONOMIA
650 4 _aPOLITICA
650 4 _aTRABAJO
650 4 _aLEGISLACION
650 4 _aSALUD
650 4 _aDESARROLLO CIENTIFICO
650 4 _aCOOPERACION CIENTIFICA
653 _aECONOMIA POLITICA
942 _cBK
998 _cmariana
999 _c10688
_d10688